|
|
|
|
| LEADER |
00000cam a2200000 7i4500 |
| 001 |
0000030310 |
| 005 |
20240910.0 |
| 008 |
230829 flu eng |
| 020 |
|
|
|a 9781032176291 (pbk)
|
| 040 |
|
|
|a INS
|b eng
|e rda
|
| 090 |
0 |
0 |
|a HD31.2
|b .A38 2021
|
| 245 |
0 |
0 |
|a Advances in management research :
|b innovation and technology
|c edited by Avinash K. Shrivastava, Sudhir Rana, Amiya Kumar Mohapatra and Mangey Ram
|
| 264 |
|
1 |
|a Boca Raton, FL :
|b CRC Press/Taylor & Francis Group
|c 2021
|
| 300 |
|
|
|a xii, 292 pages ;
|c 24 cm.
|
| 336 |
|
|
|a text
|2 rdacontent
|
| 337 |
|
|
|a unmediated
|2 rdamedia
|
| 338 |
|
|
|a volume
|2 rdacarrier
|
| 490 |
0 |
|
|a Mathematical engineering, manufacturing, and management sciences series
|
| 504 |
|
|
|a Includes bibliographical references and index
|
| 650 |
|
0 |
|a Commercial statistics
|
| 650 |
|
0 |
|a Economics
|
| 650 |
|
0 |
|a Investments
|
| 650 |
|
0 |
|a Management
|
| 650 |
|
0 |
|a Operations research
|
| 700 |
1 |
|
|a Mohapatra, Amiya K. ,
|e editor
|
| 700 |
1 |
|
|a Ram, Mangey ,
|e editor
|
| 700 |
1 |
|
|a Rana, Sudhir ,
|e editor
|
| 700 |
1 |
|
|a Shrivastava, Avinash K. ,
|e editor
|
| 999 |
|
|
|a 1000004642
|b BOOK
|c Open Shelf
|e Default branch
|